| 000 | 00347nam a2200133Ia 4500 | ||
|---|---|---|---|
| 008 | 220216s9999 xx 000 0 und d | ||
| 100 | _aNair V.K.B. | ||
| 245 | 0 | _aDevelopment of vegetative propagation for rubber trees | |
| 260 |
_bRubber Board Bulletin _c1962-63 |
||
| 300 | _a51-56 | ||
| 650 | _aBudding | ||
| 650 | _aPropagation | ||
| 942 | _cBS | ||
| 999 |
_c49199 _d49199 |
||